000 01099nam a2200289 i 4500
001 93475
003 ES-MaACL
005 20250624062904.0
007 t|
008 050530s1963 sp ||||1| spa d
080 _a75 Massieu, Lola (083.82)
100 1 _aMassieu, Lola.
_978817
245 1 0 _aLola Massieu
_b: [exposición, Sala del Prado del Ateneo de Madrid, enero de 1964] /
_c[Texto: Eduardo Westerdahl].
260 _a[Madrid] :
_bPublicaciones Españolas,
_c[1963]
300 _a[12] p. :
_bprincipalmente il. n. ;
_c28 cm.
490 1 _aCuadernos de arte. Colección ordinaria ;
_v133
600 1 4 _aMassieu, Lola-
_vExposiciones.
_978818
610 2 7 _aAteneo de Madrid-
_vExposiciones-
_y1960-1969.
_91920
655 7 _2tgfbne
_9193628
_aCatálogos de exposiciones
700 1 _aWesterdahl, Eduardo.
_9116557
710 2 _aAteneo de Madrid.
_bSala del Prado.
_91965
830 0 _aCuadernos de arte. Colección ordinaria
_v133
_9180064
852 _aES-MaACL
_j2194-F-9
_996932
_bR.136119
_cDEPOF
852 _aES-MaACL
_jG-13302(2)
942 _2udc
_cFOLLETOS
999 _c93475
_d93475